| 000 | 00468nam a2200169Ia 4500 | ||
|---|---|---|---|
| 008 | 230524s9999 xx 000 0 und d | ||
| 082 |
_a658.472 _bGRA |
||
| 100 |
_aMikell P.Groover _910354 |
||
| 245 | 0 | _a"Industrial Robotics (Technology, Programming and Applications)" | |
| 250 | _a3RD | ||
| 260 |
_aNEW DELHI _bTMH _c1986 |
||
| 300 | _aXIII;554 | ||
| 500 | _aQuantity Number: 1 | ||
| 650 | _aElectronics | ||
| 700 |
_a Mitchell Weiss et.al _910355 |
||
| 942 | _cBK | ||
| 999 |
_c14307 _d14307 |
||